00330nam a2200109Ia 450000500170000000800410001710000170005824500960007526000140017130000110018565000240019620260328104327.0260328s9999||||xx |||||||||||||| ||und|| aWhalen, John 0aDesign for How People Think :b Using Brain Science to Build Better Products /cJohn Whalen bO´Reilly a216 p. aDISEÑO INDUSTRIAL